AONB management plans and development control (Record no. 77474)

MARC details
000 -LEADER
fixed length control field 01300cab a2200241 4500
001 - CONTROL NUMBER
control field ##L134356
008 - FIXED-LENGTH DATA ELEMENTS--GENERAL INFORMATION
fixed length control field 060731n2006 000 0 eng u
035 ## - SYSTEM CONTROL NUMBER
System control number (Sirsi) u134356
041 0# - LANGUAGE CODE
Language code of text/sound track or separate title eng
100 1# - MAIN ENTRY--PERSONAL NAME
Personal name Owen, Alun Morgan
245 00 - TITLE STATEMENT
Title AONB management plans and development control
260 ## - PUBLICATION, DISTRIBUTION, ETC.
Date of publication, distribution, etc. 2006
490 ## - SERIES STATEMENT
Series statement Town & Country Planning
Volume/sequential designation 75 (7/8) July/August 2006, 212-216(5)
520 ## - SUMMARY, ETC.
Summary, etc. Explores the contribution and importance of management plans in development control decisions within and adjoining the 40 designated Areas of Outstanding Natural Beauty (AONBs) in England and Wales. Looks at the historical context of AONBs, the evolution of management plans, landmarks in AONB policy and the importance of the Planning and Compulsory Purchase Act 2004. Examines the findings of a 2005 survey of every AONB in England and Wales. Makes recommendations in the areas of AONBs and development control and training and awareness raising.
590 ## - LOCAL NOTE (RLIN)
Local note IKA010806
650 24 - SUBJECT ADDED ENTRY--TOPICAL TERM
Topical term or geographic name entry element PLANNING AND COMPULSORY PURCHASE ACT 2004
650 24 - SUBJECT ADDED ENTRY--TOPICAL TERM
Topical term or geographic name entry element ENVIRONMENT ACT 1995
650 24 - SUBJECT ADDED ENTRY--TOPICAL TERM
Topical term or geographic name entry element PLANNING POLICY GUIDANCE NOTE 7
651 #4 - SUBJECT ADDED ENTRY--GEOGRAPHIC NAME
Geographic name England and Wales
Chronological subdivision 1543-
690 ## - LOCAL SUBJECT ADDED ENTRY--TOPICAL TERM (OCLC, RLIN)
Topical term or geographic name as entry element ENVIRONMENTAL AND LAND CONSULTANCY-PLANNING AND DEVELOPMENT-DEVELOPMENT CONTROL
700 1# - ADDED ENTRY--PERSONAL NAME
Personal name Alexander, David
942 ## - ADDED ENTRY ELEMENTS (KOHA)
Suppress in OPAC 0
Holdings
Withdrawn status Lost status Source of classification or shelving scheme Damaged status Not for loan Home library Current library Shelving location Date acquired Total Checkouts Full call number Barcode Date last seen Copy number Price effective from Koha item type
    Dewey Decimal Classification     London London Journal article 31/07/2006   L134356 134356-1001 06/08/2019 1 06/08/2019 Journal article